00724nam a22002057a 450000500170000001000150001702000270003203500140005903700130007308200110008610000270009724500410012426000570016527000410022230000190026370000330028294200250031599900190034095201590035920230921112211.0 aENG-138217 a9789350009529c1550.00 aEN-121749 bDBAD/PUB a338.09 aMarshall Alfred957240 aIndustry and Trade/cAlfred Marshall aNew Delhi bMaheshwari Vani Prakashan Pvt.Ltd.c2015 a4695/21-A,Daryaganj bDelhi e110002 a557c25cm(hbk) aGopinathan Maheswaran956902 2ddccENh338.09mMAR c198494d198494 001040708NFICaBL1bBL1d2023-09-21eDelivery of Books Act Divisiong1550.00l0o338.09 MARpEN-121749r2023-09-21 00:00:00t1v1550.00w2023-09-21yEN